000 00315nam a22001337a 4500
008 170310b xxu||||| |||| 00| 0 eng d
020 _a9781455779918
041 _aeng
080 _a611
100 _a7
101 _aSHM
245 _aRHEUMATIC DISEASE CLINICS OF NORTH AMERICA
_cSILVERMAN .S.L
942 _2udc
_cBK
999 _c7422
_d7422